| 000 | 00493nam a2200181 a 4500 | ||
|---|---|---|---|
| 005 | 20221118063523.0 | ||
| 008 | 991125s1938 mx 000 0 spa u | ||
| 035 | _aUPN01000034324 | ||
| 049 | _aLT | ||
| 050 | 4 |
_aLB1573 M6.4 _bL46 LL |
|
| 245 | 0 | 0 |
_aLectura oral : _bcuarto año |
| 260 |
_aMéxico : _bSEP, _c1938. |
||
| 300 |
_a251 p. : _bil. |
||
| 440 | 0 | _aSerie SEP | |
| 500 | _a"Escuelas primarias urbanas" | ||
| 650 | 4 |
_aLectura _xEstudio y enseñanza (Elemental) _92805 |
|
| 905 | _aLibro | ||
| 999 |
_c34324 _d34324 |
||